000 00431nam a2200157 a 4500
005 20140412111400.0
008 070410s19uu xx 00 eng d
020 _a0-86163-958-8
050 _aER
_bOl1 1999
245 _aThe oldman and the turnip /
_cMaureen Bradley , ill.
260 _aSingapore :
_bAward publications,
_c1999.
300 _a27
440 _aA read aloud book
650 _aChildren stories
999 _c105454
_d105454